000 00998nam a2200313 a 4500
003 AR-BaBNM
005 20251128210405.0
008 082120s2002 ||||||||||||||000 | spa||
020 _a84-8198-090-0
040 _cAR-BaBNM
100 1 _aGrabe, Sven
245 0 0 _aLa educación ambiental en la formación técnica y profesional
260 _aBilbao
_bLos Libros de la Catarata
_c1995
300 _a57 p.
490 0 _aEducación ambiental
_vv. 24
500 _aEsta edición cuenta con el aval del Programa Internacional de Educación Ambiental Unesco-PNUMA
500 _aPNUMA: Programa de las Naciones Unidas para el Medio Ambiente
650 4 _aEDUCACION AMBIENTAL
650 4 _aFORMACION PROFESIONAL
650 4 _aENSEÑANZA TECNICA
650 4 _aFORMACION DE DOCENTES
650 4 _aPROGRAMAS DE FORMACION
650 4 _aEDUCACION DE ADULTOS
653 _aTEMAS TRANSVERSALES
653 _aNIVEL MEDIO
653 _aEDUCACION SUPERIOR
942 _cBK
998 _cRAQUEL
999 _c15281
_d15281